La justicia frente a los derechos humanos de las mujeres
Enregistré dans:
| Auteur principal: | |
|---|---|
| Format: | Livre |
| Langue: | espagnol |
| Publié: |
Santiago
Jurídica Conosur
2000
|
| Sujets: | |
| Tags: |
Ajouter un tag
Pas de tags, Soyez le premier à ajouter un tag!
|
MARC
| LEADER | 00000nam a2200000 a 4500 | ||
|---|---|---|---|
| 001 | UCM0555 | ||
| 003 | CL-VaPUC | ||
| 008 | 020301e20000000CL |||||||||||||||||spa|d | ||
| 082 | 0 | 4 | |a 323.34 |b VEL |2 21 |
| 100 | 0 | |a Veloso Valenzuela, Paulina |e author |9 467419 | |
| 245 | 1 | 3 | |a La justicia frente a los derechos humanos de las mujeres |
| 300 | |a 210 p | ||
| 942 | |c BK | ||
| 945 | |d 20020301 00:00:00 |a cmena | ||
| 260 | |a Santiago |b Jurídica Conosur |c 2000 | ||
| 650 | 7 | |a MUJERES - SITUACION JURIDICA |2 CL-VaPUC |9 467420 | |
| 650 | 0 | |a Derechos de la mujer |9 257074 | |
| 650 | 7 | |a DISCRIMINACION SEXUAL CONTRA LA MUJER |2 CL-VaPUC |9 324735 | |
| 650 | 7 | |a MUJERES - DERECHO INTERNACIONAL |2 CL-VaPUC |9 467421 | |
| 650 | 0 | |a Tratados internacionales |9 256056 | |
| 583 | |a last modification |c 20020301 00:00:00 |k Rodrigo Vera | ||
| 999 | |c 299446 |d 299444 | ||
| 952 | |0 0 |1 0 |4 0 |6 323_340000000000000_VEL_2000 |7 0 |8 A |9 355996 |a BIBDER |b BIBDER |d 2019-11-21 |i 3705684 |o 323.34 VEL 2000 |p 3705684 |r 2023-01-25 |w 2019-11-21 |y BK |k DER | ||